[Event "Helmut-Kohls-Turnier"]
[Site "Dortmund GER"]
[Date "2013.07.27"]
[Round "1.2"]
[White "Hoffmann, Michael1"]
[Black "Wagner, Dennis"]
[Result "1/2-1/2"]
[WhiteTitle "GM"]
[BlackTitle "IM"]
[WhiteElo "2462"]
[BlackElo "2465"]
[WhiteFideId "4601297"]
[BlackFideId "24650684"]
[EventDate "2013.07.27"]

1. d4 Nf6 2. c4 g6 3. Nc3 d5 4. cxd5 Nxd5 5. Bd2 Bg7 6. e4 Nxc3 7. Bxc3 O-O 8.
Nf3 Bg4 9. Be2 c5 10. d5 e6 11. O-O exd5 12. exd5 Qd6 13. Qb3 Nd7 14. h3 Bxf3
15. Bxf3 Rfc8 16. Bxg7 Kxg7 17. Qxb7 Rab8 18. Qxa7 Ra8 19. Qb7 Rab8 20. Qa7 Ra8
21. Qb7 Rab8 22. Qa7 Ra8 1/2-1/2

[Event "Helmut-Kohls-Turnier"]
[Site "Dortmund GER"]
[Date "2013.07.27"]
[Round "1.3"]
[White "Feygin, Michael"]
[Black "Savchenko, Viacheslav"]
[Result "1-0"]
[WhiteTitle "GM"]
[BlackTitle "IM"]
[WhiteElo "2533"]
[BlackElo "2412"]
[WhiteFideId "14103109"]
[BlackFideId "14106485"]
[EventDate "2013.07.27"]

1. e4 c5 2. Nf3 d6 3. d4 cxd4 4. Nxd4 Nf6 5. Nc3 a6 6. Be3 e6 7. Qd2 Be7 8. f3
O-O 9. O-O-O b5 10. g4 Nfd7 11. g5 Bb7 12. h4 Nc6 13. Nxc6 Bxc6 14. Ne2 Qc7 15.
Nd4 Rfc8 16. g6 hxg6 17. h5 Nf8 18. hxg6 fxg6 19. Bh3 Bd7 20. f4 Bf6 21. f5 e5
22. Ne6 Bxe6 23. fxe6 Qc4 24. Kb1 Rc6 25. Qd5 Be7 26. Rh2 Qxd5 27. exd5 Rc4 28.
Bf1 Re4 29. Rh3 g5 30. Bd3 Rh4 31. Rg3 e4 32. Be2 Nh7 33. a4 Bf6 34. axb5 axb5
35. Bxb5 Rb8 36. c4 Kf8 37. Rf1 Rh2 38. Rf2 Rh1+ 39. Kc2 Ke7 40. Rg4 Rh4 41.
Rfg2 Rf8 42. Bc6 Rb8 43. b3 Rh3 44. Rxe4 g4 45. Ba4 g3 46. Bf4 Rh4 47. Kd3 Rh8
48. Rxg3 Nf8 49. c5 Rxf4 50. Rxf4 dxc5 51. Rxf6 Kxf6 52. Rf3+ Ke7 53. Rf7+ Kd6
54. e7 Nd7 55. e8=Q 1-0

[Event "Helmut-Kohls-Turnier"]
[Site "Dortmund GER"]
[Date "2013.07.27"]
[Round "1.4"]
[White "Nalbandian, Tigran"]
[Black "Orlov, Andrey"]
[Result "1-0"]
[WhiteTitle "GM"]
[BlackTitle "GM"]
[WhiteElo "2434"]
[BlackElo "2535"]
[WhiteFideId "13300245"]
[BlackFideId "4125282"]
[EventDate "2013.07.27"]

1. Nf3 Nf6 2. g3 d5 3. Bg2 c6 4. O-O Bg4 5. d3 Nbd7 6. Nbd2 e5 7. e4 Bd6 8. h3
Bh5 9. exd5 cxd5 10. c4 O-O 11. cxd5 Nxd5 12. Qb3 N5b6 13. Ne4 Be7 14. a4 Kh8
15. g4 Bg6 16. a5 Bxe4 17. dxe4 Nc5 18. Qc2 Nbd7 19. Rd1 Qe8 20. Be3 Ne6 21. Qa4
Nec5 22. Qc4 Ne6 23. Qd5 Ndc5 24. Nxe5 Rd8 25. Qc4 Rxd1+ 26. Rxd1 Qb8 27. Rd5 b5
28. axb6 axb6 29. b4 b5 30. Qf1 Bf6 31. Nc6 Qc7 32. Bxc5 Ra8 33. e5 1-0

[Event "Helmut-Kohls-Turnier"]
[Site "Dortmund GER"]
[Date "2013.07.27"]
[Round "1.5"]
[White "Bluebaum, Matthias"]
[Black "Poetsch, Hagen"]
[Result "1/2-1/2"]
[WhiteTitle "IM"]
[BlackTitle "IM"]
[WhiteElo "2513"]
[BlackElo "2442"]
[WhiteFideId "24651516"]
[BlackFideId "24615137"]
[EventDate "2013.07.27"]

1. d4 d5 2. c4 c6 3. Nc3 Nf6 4. e3 a6 5. Qc2 e6 6. Nf3 c5 7. cxd5 exd5 8. Be2
Nc6 9. O-O Be6 10. Rd1 Nb4 11. Qb1 Qc8 12. Bd2 Bf5 13. Qc1 c4 14. a3 Nc6 15. b3
b5 16. bxc4 bxc4 17. e4 Bxe4 18. Bg5 Be7 19. Bxf6 Bxf6 20. Qf4 O-O 21. Nxe4 dxe4
22. Qxe4 Re8 23. Qc2 Rd8 24. Qc3 Qd7 25. Qxc4 Rac8 26. Qxa6 Nxd4 27. Nxd4 Bxd4
28. Rab1 Ra8 29. Qb7 Qxb7 30. Rxb7 Bf6 31. Rxd8+ Bxd8 32. g3 Kf8 33. Bc4 Bf6 34.
Rb3 Rc8 35. Bd5 Ke7 36. a4 Rc1+ 37. Kg2 Ra1 38. Rb4 Bc3 39. Re4+ Kf6 40. Rf4+
Ke5 41. Bxf7 Bd4 42. Be8 g5 43. Rf7 Ra2 44. Rxh7 Bxf2 45. Kf3 Bg1 46. h4 gxh4
47. Rxh4 Ra3+ 48. Kg2 Be3 49. Bc6 Kf5 50. Rb4 Bd2 51. Rb5+ Kf6 52. Rd5 Be1 53.
g4 Bh4 54. Bd7 Rg3+ 55. Kf1 Ra3 56. Ke2 Ke7 57. Kd2 Bf6 58. Bb5 Rg3 59. Rd7+ Ke6
60. Rd3 Rg2+ 61. Kc1 Ke5 62. Bd7 Bd8 63. Kb1 Bb6 64. Rc3 Kd4 65. Rc2 Rg3 66. Kb2
Ba5 67. Be6 Bc3+ 68. Kb3 Ba5+ 69. Ka2 Bc3 70. Re2 Kd3 71. Rh2 Rg1 72. Rh3+ Kd4
73. Rh5 Ra1+ 74. Kb3 Rb1+ 75. Kc2 Rb2+ 76. Kc1 Rg2 77. Rd5+ Ke4 78. Rd7 Ke5 79.
Bf5 Ra2 80. Re7+ Kd4 81. Re4+ Kd3 82. Rb4+ Ke3 83. Rc4 Bf6 84. Re4+ Kf3 85. Rb4
Ke3 86. Kb1 Ra3 87. Rc4 Kd2 88. Rc2+ Kd1 89. Rc1+ Kd2 90. Rc2+ Kd1 91. Rc1+ Kd2
92. Rc2+ Kd1 1/2-1/2

[Event "Helmut-Kohls-Turnier"]
[Site "Dortmund GER"]
[Date "2013.07.28"]
[Round "2.1"]
[White "Zelbel, Patrick"]
[Black "Poetsch, Hagen"]
[Result "1/2-1/2"]
[WhiteTitle "IM"]
[BlackTitle "IM"]
[WhiteElo "2385"]
[BlackElo "2442"]
[WhiteFideId "24624322"]
[BlackFideId "24615137"]
[EventDate "2013.07.27"]

1. e4 Nc6 2. Nf3 e5 3. Bb5 a6 4. Ba4 Nge7 5. O-O g6 6. d4 exd4 7. Nxd4 Bg7 8. c3
O-O 9. Be3 Ne5 10. Nd2 d6 11. h3 c5 12. N4f3 b5 13. Bc2 Qc7 14. a4 Bb7 15. Qe2
Nxf3+ 16. Nxf3 bxa4 17. Bf4 Nc6 18. Rxa4 Rfe8 19. Qd2 Rad8 20. Bg5 Rd7 21. Rd1
Qb6 22. Qc1 Nd8 23. Nd2 Ne6 24. Nc4 Qc7 25. Bh4 d5 26. Bg3 Qd8 27. exd5 Bxd5 28.
Ne3 Bb7 29. Ra1 Rxd1+ 30. Qxd1 Qb6 31. Nc4 Qc6 32. Qf1 Rd8 33. Na5 Qb6 34. Nc4
Qc6 1/2-1/2

[Event "Helmut-Kohls-Turnier"]
[Site "Dortmund GER"]
[Date "2013.07.28"]
[Round "2.2"]
[White "Orlov, Andrey"]
[Black "Bluebaum, Matthias"]
[Result "1/2-1/2"]
[WhiteTitle "GM"]
[BlackTitle "IM"]
[WhiteElo "2535"]
[BlackElo "2513"]
[WhiteFideId "4125282"]
[BlackFideId "24651516"]
[EventDate "2013.07.27"]

1. e4 e6 2. d3 d5 3. Nd2 Nf6 4. Ngf3 b6 5. c3 Be7 6. Be2 O-O 7. O-O c5 8. Re1
Qc7 9. Bf1 Nc6 10. a3 a5 11. a4 Ba6 12. Qc2 Rac8 13. exd5 exd5 14. Nb1 Bd6 15.
Na3 Ng4 16. h3 Nh2 17. Nxh2 Bxh2+ 18. Kh1 Bf4 19. Bxf4 Qxf4 20. Qb3 Qxf2 21.
Qxb6 Nb8 22. Qxa5 Qxb2 23. Nb5 Rc6 24. Na7 Rg6 25. Qxc5 Bxd3 26. Qb4 Qf2 27. Qd4
Qxd4 28. cxd4 Bxf1 29. Rxf1 Ra6 30. Nb5 Nc6 31. Rfc1 Na5 32. Ra2 g6 33. Rc5 Nb3
34. Rxd5 Rfa8 35. Rb2 Nc1 36. Nc7 Ra5 37. Rdb5 R8a7 38. Rxa5 Rxa5 39. Rb8+ Kg7
40. Ra8 Rxa8 41. Nxa8 Nb3 42. d5 Kf6 43. Nb6 Ke5 44. Kh2 Kd6 45. Kg3 Kc5 46.
Nd7+ Kxd5 47. Nf6+ Ke6 48. Nxh7 Nc5 49. a5 f6 50. Nf8+ Kf7 51. Nxg6 Kxg6 52. Kf4
f5 53. Ke5 Kg5 54. g3 Na6 55. h4+ Kg6 56. h5+ Kxh5 57. Kxf5 Kh6 58. Kf6 Kh5 59.
Kf5 1/2-1/2

[Event "Helmut-Kohls-Turnier"]
[Site "Dortmund GER"]
[Date "2013.07.28"]
[Round "2.3"]
[White "Savchenko, Viacheslav"]
[Black "Nalbandian, Tigran"]
[Result "1/2-1/2"]
[WhiteTitle "IM"]
[BlackTitle "GM"]
[WhiteElo "2412"]
[BlackElo "2434"]
[WhiteFideId "14106485"]
[BlackFideId "13300245"]
[EventDate "2013.07.27"]

1. e4 Nf6 2. Nc3 d5 3. exd5 Nxd5 4. Bc4 Nb6 5. Bb3 Nc6 6. Qf3 e6 7. Nge2 Be7 8.
d3 O-O 9. h4 a5 10. a4 Nd7 11. Ne4 Nc5 12. Nxc5 Bxc5 13. Bg5 Qd6 14. Rh3 f6 15.
Bf4 Qe7 16. Be3 Bd6 17. Ng3 Ne5 18. Qe2 Nf7 19. h5 e5 20. Rh1 f5 21. Bd2 Bd7 22.
Qf3 f4 23. Ne4 Kh8 24. Nxd6 cxd6 25. Qxb7 Rfb8 26. Qc7 Rc8 27. Qb7 Rab8 28. Qa7
e4 29. Bxf4 exd3+ 30. Be3 dxc2 31. Bxc2 Rxb2 32. Bf5 Ne5 33. Bxd7 Nxd7 34. h6
Kg8 35. Kf1 Qf7 36. Kg1 Rcb8 37. Rh3 Ne5 38. Qxf7+ Kxf7 39. hxg7 Kxg7 40. Bd4
Rb1+ 41. Kh2 Rxa1 42. Bxa1 Rb4 43. Ra3 1/2-1/2

[Event "Helmut-Kohls-Turnier"]
[Site "Dortmund GER"]
[Date "2013.07.29"]
[Round "3.2"]
[White "Feygin, Michael"]
[Black "Bok, Benjamin"]
[Result "1/2-1/2"]
[WhiteTitle "GM"]
[BlackTitle "IM"]
[WhiteElo "2533"]
[BlackElo "2532"]
[WhiteFideId "14103109"]
[BlackFideId "1017063"]
[EventDate "2013.07.27"]

1. e4 c5 2. Nf3 e6 3. b3 Nc6 4. Bb2 d6 5. Bb5 Bd7 6. O-O Nf6 7. Re1 Be7 8. c3
O-O 9. Bf1 Rc8 10. d3 e5 11. Nbd2 Re8 12. d4 cxd4 13. cxd4 exd4 14. Nxd4 Bf8 15.
Nb5 a6 16. Nc3 Ne5 17. Nc4 Bc6 18. Nd5 b5 19. Ncb6 Rb8 20. Bd4 Nxd5 21. exd5 Bb7
22. a4 Nd7 23. Rxe8 Qxe8 24. axb5 Nxb6 25. Bxb6 axb5 26. Ra5 Qe4 27. Qd4 Qxd4
28. Bxd4 Bxd5 29. b4 Bc6 30. Ba7 Rc8 31. f3 Ra8 32. Bd4 d5 33. Rxa8 Bxa8 34. Bc5
Bxc5+ 35. bxc5 Bc6 36. Kf2 f6 37. Ke3 Kf7 38. Kd4 Ke6 39. Bd3 h6 40. f4 b4 41.
Bc2 Kd7 1/2-1/2

[Event "Helmut-Kohls-Turnier"]
[Site "Dortmund GER"]
[Date "2013.07.29"]
[Round "3.4"]
[White "Bluebaum, Matthias"]
[Black "Savchenko, Viacheslav"]
[Result "1/2-1/2"]
[WhiteTitle "IM"]
[BlackTitle "IM"]
[WhiteElo "2513"]
[BlackElo "2412"]
[WhiteFideId "24651516"]
[BlackFideId "14106485"]
[EventDate "2013.07.27"]

1. d4 Nf6 2. c4 e6 3. Nf3 d5 4. g3 Bb4+ 5. Bd2 Be7 6. Bg2 c6 7. Qc2 O-O 8. O-O
Nbd7 9. Rd1 b6 10. b3 Bb7 11. Nc3 Rc8 12. e4 h6 13. Bf4 Bb4 14. e5 Nh7 15. a3
Be7 16. h4 Kh8 17. Bf1 f5 18. exf6 Rxf6 19. Ne5 Nhf8 20. Qd2 Ng6 21. Nxg6+ Rxg6
22. h5 Rf6 23. Bh3 Qg8 24. Re1 g5 25. hxg6 Qxg6 26. Qe3 Rcf8 27. Kf1 c5 28. Nxd5
exd5 29. Bxd7 Bd6 30. Bxd6 Rxf2+ 31. Kg1 Qxd6 32. Be6 Kg7 33. dxc5 bxc5 34. Bxd5
Bxd5 35. cxd5 Qxd5 36. Qe5+ Qxe5 37. Rxe5 R2f3 38. Kg2 Rxb3 39. Rxc5 Rff3 40.
Rc7+ Kf6 41. Rxa7 Rxg3+ 42. Kf2 h5 43. Rh1 Rgc3 44. Re1 Rxa3 45. Rxa3 Rxa3 46.
Kg2 Kf5 47. Rb1 Ra4 48. Kg3 1/2-1/2

[Event "Helmut-Kohls-Turnier"]
[Site "Dortmund GER"]
[Date "2013.07.29"]
[Round "3.5"]
[White "Poetsch, Hagen"]
[Black "Orlov, Andrey"]
[Result "1-0"]
[WhiteTitle "IM"]
[BlackTitle "GM"]
[WhiteElo "2442"]
[BlackElo "2535"]
[WhiteFideId "24615137"]
[BlackFideId "4125282"]
[EventDate "2013.07.27"]

1. e4 c6 2. d4 d5 3. e5 Bf5 4. Nf3 e6 5. Be2 Nd7 6. O-O h6 7. b3 Ne7 8. c4 Bh7
9. Nc3 Nf5 10. Bd3 a6 11. Qc2 Rc8 12. Ne2 Bb4 13. Bb2 Nf8 14. Nf4 Ng6 15. Bxf5
exf5 16. Qxf5 Nxf4 17. Qxf4 O-O 18. Qe3 Qd7 19. Bc3 Be7 20. Nd2 Rfd8 21. Ba5 Re8
22. f4 c5 23. Bb6 cxd4 24. Qxd4 Bb4 25. Nf3 Be4 26. cxd5 Bxf3 27. Rxf3 Be7 28.
d6 Bd8 29. Bxd8 Rexd8 30. Rc3 Rxc3 31. Qxc3 Rc8 32. Qd2 Qc6 33. d7 Rd8 34. Rd1
Qc5+ 35. Qd4 Qc2 36. h3 Qf5 37. Qc4 Qh5 38. Rd6 b5 39. Qc7 Qh4 40. Rd3 Kh7 41.
g3 Qh5 42. Qxd8 Qe2 43. Qg8+ Kxg8 44. d8=Q+ Kh7 45. Rd2 Qe3+ 46. Kh2 1-0

[Event "Helmut-Kohls-Turnier"]
[Site "Dortmund GER"]
[Date "2013.07.30"]
[Round "4.1"]
[White "Zelbel, Patrick"]
[Black "Orlov, Andrey"]
[Result "1/2-1/2"]
[WhiteTitle "IM"]
[BlackTitle "GM"]
[WhiteElo "2385"]
[BlackElo "2535"]
[WhiteFideId "24624322"]
[BlackFideId "4125282"]
[EventDate "2013.07.27"]

1. d4 Nf6 2. c4 c5 3. d5 d6 4. Nc3 g6 5. e4 Bg7 6. Bd3 O-O 7. Nge2 a6 8. a4 Nbd7
9. Ng3 Re8 10. O-O e6 11. f4 exd5 12. exd5 h6 13. h3 Nh7 14. Bd2 f5 15. Re1
Rxe1+ 16. Qxe1 Ndf8 17. Nd1 Bd7 18. Bc3 Bxc3 19. Nxc3 Qb6 20. Qd2 Re8 21. a5 Qd8
22. Nce2 b6 23. b4 Qc7 24. axb6 Qxb6 25. bxc5 Qxc5+ 26. Kf1 Bc8 27. Ra5 Qb6 28.
Qc3 Re3 29. Ra3 Nd7 30. Rb3 Qa7 31. Qd2 Re8 32. Bc2 Nc5 33. Re3 Bd7 34. Rxe8+
Bxe8 35. Qe3 Bd7 36. Nd4 Nf8 37. h4 h5 38. Nf3 Qb8 39. Qc3 Qd8 40. Ne2 Qe7 41.
Ng5 Qg7 42. Qxg7+ Kxg7 43. Ke1 Kf6 44. Kd2 a5 45. Nd4 Ke7 46. Kc3 Kd8 47. Nb3
Nb7 48. Kd4 Kc7 49. c5 Ba4 1/2-1/2

[Event "Helmut-Kohls-Turnier"]
[Site "Dortmund GER"]
[Date "2013.07.30"]
[Round "4.2"]
[White "Savchenko, Viacheslav"]
[Black "Poetsch, Hagen"]
[Result "1-0"]
[WhiteTitle "IM"]
[BlackTitle "IM"]
[WhiteElo "2412"]
[BlackElo "2442"]
[WhiteFideId "14106485"]
[BlackFideId "24615137"]
[EventDate "2013.07.27"]

1. e4 c5 2. Nf3 d6 3. d4 cxd4 4. Nxd4 Nf6 5. Nc3 a6 6. Be2 g6 7. g4 h6 8. Rg1
Bg7 9. Be3 b5 10. Bf3 e5 11. Nb3 Bb7 12. Qd2 Qc7 13. O-O-O Bf8 14. h4 Nbd7 15.
g5 b4 16. Nd5 Nxd5 17. exd5 hxg5 18. Bxg5 a5 19. Rde1 f6 20. Qd3 O-O-O 21. Be3
Rxh4 22. Qb5 Bh6 23. Nxa5 Qb6 24. Nxb7 Qxb7 25. Qxb7+ Kxb7 26. Rxg6 Bxe3+ 27.
Rxe3 Rf4 28. Rg4 Rxg4 29. Bxg4 Nc5 30. c3 bxc3 31. b4 Na4 32. Bd1 Nb6 33. Bb3 f5
34. Rh3 Rg8 35. Kc2 Rg2 36. Rf3 f4 37. Kxc3 Nd7 38. Kc4 Nf6 39. Ba4 Ne4 40. Bc6+
Kb6 41. Rh3 Rg1 42. a4 Rc1+ 43. Kb3 Rb1+ 44. Ka3 Nxf2 45. Rh7 Nd3 46. a5+ Ka6
47. Rh8 1-0

[Event "Helmut-Kohls-Turnier"]
[Site "Dortmund GER"]
[Date "2013.07.30"]
[Round "4.5"]
[White "Hoffmann, Michael1"]
[Black "Feygin, Michael"]
[Result "1/2-1/2"]
[WhiteTitle "GM"]
[BlackTitle "GM"]
[WhiteElo "2462"]
[BlackElo "2533"]
[WhiteFideId "4601297"]
[BlackFideId "14103109"]
[EventDate "2013.07.27"]

1. d4 e6 2. c4 d5 3. Nc3 c5 4. cxd5 exd5 5. Nf3 Nf6 6. Bg5 Be7 7. dxc5 O-O 8. e3
Be6 9. Bb5 Bxc5 10. O-O Be7 11. Nd4 Nbd7 12. Bxd7 Nxd7 13. Bxe7 Qxe7 14. Qb3 Nc5
15. Qa3 Rfe8 16. Rfd1 b6 17. Nde2 Rad8 18. Nf4 d4 19. Rxd4 Rxd4 20. exd4 Bc4 21.
h3 Ne6 22. Qxe7 Rxe7 23. Re1 Rd7 24. d5 Nc7 25. Re4 Ba6 26. d6 Rxd6 27. Re7 Ne6
28. Nxe6 fxe6 29. Rxa7 Bd3 30. f3 h6 31. Rb7 Bc2 32. b3 Rc6 33. Na4 Bb1 34. a3
e5 35. Nxb6 e4 36. fxe4 Bxe4 37. Nc4 Bd5 38. Rb8+ Kh7 39. Ne3 Be6 40. a4 Rc3 41.
Kf2 Bxb3 42. a5 Be6 43. Rb6 Bc8 44. Nd5 Rc5 45. Ne7 Bf5 46. a6 Be4 47. g4 Ra5
48. Nf5 1/2-1/2

[Event "Helmut-Kohls-Turnier"]
[Site "Dortmund GER"]
[Date "2013.07.31"]
[Round "5.1"]
[White "Feygin, Michael"]
[Black "Zelbel, Patrick"]
[Result "1/2-1/2"]
[WhiteTitle "GM"]
[BlackTitle "IM"]
[WhiteElo "2533"]
[BlackElo "2385"]
[WhiteFideId "14103109"]
[BlackFideId "24624322"]
[EventDate "2013.07.27"]

1. e4 c5 2. Nf3 d6 3. d4 cxd4 4. Nxd4 Nf6 5. Nc3 g6 6. Be3 Bg7 7. f3 O-O 8. Qd2
Nc6 9. Bc4 Bd7 10. O-O-O Rb8 11. Bb3 Na5 12. Bh6 Bxh6 13. Qxh6 e5 14. Nde2 b5
15. Rxd6 b4 16. Nb1 Nxb3+ 17. axb3 Qe7 18. Rhd1 Be6 19. Qg5 Rfc8 20. R1d2 Rb5
21. Nf4 Bxb3 22. Nh5 Qxd6 23. Nxf6+ Kf8 24. Qh6+ Ke7 25. Ng8+ Kd7 26. Nf6+ Ke7
27. Ng8+ Kd7 28. Qh3+ Be6 29. Qxh7 Rbc5 30. Rxd6+ Kxd6 31. c3 Ra5 32. Nf6 bxc3
33. Nxc3 Ra1+ 34. Kc2 Rg1 35. Nd5 Rxg2+ 36. Kb1 Rg1+ 37. Ka2 Rg2 38. Kb1 Rg1+
39. Ka2 Rg2 40. Qh4 g5 41. Qh6 Rxc3 42. Qf8+ Kd7 43. Qe7+ Kc8 44. Qf8+ Kd7 45.
Qe7+ Kc8 46. Qxa7 Bxd5+ 47. exd5 Rcc2 48. Ka3 Rxh2 49. Qxf7 Rhd2 50. b3 Rc3 51.
Qf8+ Kc7 52. Qe7+ Kc8 53. Qe8+ Kb7 54. Qb5+ Kc8 55. Qa6+ Kb8 56. Qd6+ Kc8 57.
Qe6+ Kb7 58. Qd7+ Kb8 59. Qb5+ Kc8 60. Qa6+ Kb8 61. Qd6+ Kc8 62. Qe6+ Kb7 63.
Qd7+ Kb8 64. Kb4 Rdd3 65. Qe8+ Kb7 66. Qe7+ Kb6 67. Qe6+ Kb7 68. Qd7+ Kb6 69.
Qd6+ Kb7 70. Qxe5 Rxb3+ 71. Kc4 Rxf3 72. Qe7+ Ka6 73. Qxg5 Rfc3+ 74. Kd4 Rd3+
75. Ke4 Re3+ 76. Kf5 Rbd3 77. Qf6+ Ka7 78. Qd6 Rh3 79. Qc7+ Ka6 80. Qc8+ Ka7 81.
Qd7+ Kb8 82. Qb5+ Kc7 83. Qc6+ Kb8 84. Qe8+ Kc7 85. Qf7+ Kb8 86. Ke5 Rh8 87. Ke6
Re3+ 88. Kd7 Re4 89. d6 Rb4 90. Kc6 Rc8+ 91. Kd5 Rb5+ 92. Ke6 Rb7 93. Qf6 Rc1
94. Qd8+ Rc8 95. Qa5 Re8+ 96. Kd5 Rh8 97. Kc6 Rc8+ 98. Kd5 Rh8 99. Qd2 Rd8 100.
Kc6 Rc8+ 101. Kd5 Rd8 102. Qf4 Rbd7 103. Qb4+ Ka8 104. Qa5+ Kb7 105. Qb5+ Ka7
106. Qc5+ Kb7 107. Qc6+ Kb8 108. Qb6+ 1/2-1/2

[Event "Helmut-Kohls-Turnier"]
[Site "Dortmund GER"]
[Date "2013.07.31"]
[Round "5.2"]
[White "Nalbandian, Tigran"]
[Black "Hoffmann, Michael1"]
[Result "1/2-1/2"]
[WhiteTitle "GM"]
[BlackTitle "GM"]
[WhiteElo "2434"]
[BlackElo "2462"]
[WhiteFideId "13300245"]
[BlackFideId "4601297"]
[EventDate "2013.07.27"]

1. Nf3 Nf6 2. g3 b6 3. Bg2 Bb7 4. d3 d5 5. Nbd2 Nbd7 6. O-O e6 7. Re1 Bc5 8. Nb3
Be7 9. a4 a5 10. Nfd4 Nc5 11. c4 dxc4 12. Bxb7 Nxb7 13. dxc4 Nc5 14. Bf4 Nxb3
15. Nxb3 Bd6 16. Bxd6 Qxd6 17. e4 Qb4 18. e5 Rd8 19. Qf3 Nd7 20. Nd4 Nxe5 21.
Qh5 Rxd4 22. Qxe5 Rd2 23. Qxc7 O-O 24. b3 Qxb3 25. Reb1 Rb2 26. Rxb2 Qxb2 27.
Rd1 h5 28. h4 g6 29. Rd6 Qa1+ 30. Kg2 1/2-1/2

[Event "Helmut-Kohls-Turnier"]
[Site "Dortmund GER"]
[Date "2013.07.31"]
[Round "5.3"]
[White "Bluebaum, Matthias"]
[Black "Bok, Benjamin"]
[Result "1/2-1/2"]
[WhiteTitle "IM"]
[BlackTitle "IM"]
[WhiteElo "2513"]
[BlackElo "2532"]
[WhiteFideId "24651516"]
[BlackFideId "1017063"]
[EventDate "2013.07.27"]

1. Nf3 c5 2. c4 Nc6 3. Nc3 Nf6 4. d4 cxd4 5. Nxd4 e6 6. g3 Bc5 7. Nb3 Be7 8. Bg2
O-O 9. O-O d6 10. Nd4 Bd7 11. Ndb5 Qb8 12. Bg5 a6 13. Bxf6 gxf6 14. Nd4 f5 15.
e4 fxe4 16. Nxe4 f5 17. Nc3 Bf6 18. Nde2 Qc7 19. Qd2 Ne5 20. b3 Bc6 21. Nd4 Bxg2
22. Kxg2 Rae8 23. Nce2 Nc6 24. Rad1 Qd7 25. Nxc6 Qxc6+ 26. Kg1 Rd8 27. Nd4 Qd7
28. Rfe1 Rfe8 29. Qe3 Re7 30. Qh6 Bg7 31. Qg5 Rde8 32. Re2 b5 33. Rde1 Kf7 34.
Qh5+ Kg8 35. Qg5 Kf7 36. Qh4 bxc4 37. bxc4 Bxd4 38. Qxd4 e5 39. Qh4 Kg6 40. Rd2
Qe6 41. Red1 Rd7 42. Rd5 Rc8 43. f4 Rc5 44. Qg5+ Kf7 45. Qh5+ Kg8 46. Qe2 Rxd5
47. cxd5 Qe8 48. Re1 Re7 49. Qe3 Kf7 50. Qe2 Qc8 51. fxe5 Rxe5 52. Qh5+ Kg7 53.
Qg5+ Kf7 54. Qh5+ Kg7 55. Qg5+ Kf7 56. Qh5+ 1/2-1/2

[Event "Helmut-Kohls-Turnier"]
[Site "Dortmund GER"]
[Date "2013.07.31"]
[Round "5.4"]
[White "Poetsch, Hagen"]
[Black "Wagner, Dennis"]
[Result "1/2-1/2"]
[WhiteTitle "IM"]
[BlackTitle "IM"]
[WhiteElo "2442"]
[BlackElo "2465"]
[WhiteFideId "24615137"]
[BlackFideId "24650684"]
[EventDate "2013.07.27"]

1. e4 e5 2. Nf3 Nc6 3. Bc4 Bc5 4. b4 Bxb4 5. c3 Ba5 6. d4 exd4 7. Qb3 Qe7 8. O-O
Bb6 9. cxd4 Nxd4 10. Nxd4 Bxd4 11. Nc3 Nf6 12. Bg5 Qe5 13. Bxf6 Qxf6 14. Nd5 Qe5
15. Rad1 O-O 16. Kh1 b5 17. Qxb5 c6 18. Qa4 Bc5 19. f4 Qh5 20. Qa5 cxd5 21. Rxd5
Bb6 22. Rxh5 Bxa5 23. Rxa5 Bb7 24. e5 Rfc8 25. Bb3 Kf8 26. Kg1 Rc7 27. g4 Be4
28. f5 f6 29. Re1 Bf3 30. exf6 gxf6 31. Kf2 Rc3 32. g5 fxg5 33. f6 d5 34. Re7
Be4 35. Bxd5 Rf3+ 36. Kg2 Bxd5 37. Rxd5 Rxf6 38. Rxh7 Kg8 39. Rh5 Kf7 40. Rhxg5
Rb6 41. Rdf5+ Ke6 42. Ra5 Rb2+ 43. Kg3 Rc8 44. Ra6+ Kf7 45. Rxa7+ Kf6 46. h4
Rcc2 47. Ra6+ Kf7 48. Rf5+ Kg7 49. a3 Rb1 50. Kg4 Rc4+ 51. Kh5 Rh1 52. Rg6+ Kh7
53. Rf7+ Kh8 54. Rg4 Rxg4 55. Kxg4 Ra1 56. Ra7 Kg8 57. a4 Ra2 58. Kg5 Rc2 59. a5
Rc5+ 60. Kf6 Rc6+ 61. Ke7 Rc5 62. Kd6 Rf5 63. a6 Rf6+ 64. Ke5 Rh6 65. Kf5 Rb6
66. h5 Rb5+ 67. Kf6 Rb6+ 68. Ke7 Rh6 69. Kd8 Rf6 70. Kc7 Rf7+ 71. Kb6 Rf6+ 72.
Kb5 Rf5+ 73. Kc4 Rf4+ 74. Kd5 Rf6 75. Ra8+ Kg7 76. Ke5 Rh6 77. Kf4 Rxh5 1/2-1/2

[Event "Helmut-Kohls-Turnier"]
[Site "Dortmund GER"]
[Date "2013.07.31"]
[Round "5.5"]
[White "Orlov, Andrey"]
[Black "Savchenko, Viacheslav"]
[Result "1/2-1/2"]
[WhiteTitle "GM"]
[BlackTitle "IM"]
[WhiteElo "2535"]
[BlackElo "2412"]
[WhiteFideId "4125282"]
[BlackFideId "14106485"]
[EventDate "2013.07.27"]

1. e4 e5 2. Nf3 Nf6 3. Nxe5 d6 4. Nf3 Nxe4 5. Nc3 Nf6 6. d4 Be7 7. Bd3 O-O 8. h3
b6 9. d5 Re8 10. O-O Bb7 11. Bc4 a6 12. a4 Nbd7 13. Re1 h6 14. Bf4 Nf8 15. Qd2
Ng6 16. Bg3 Qd7 17. Bd3 Bf8 18. Bc4 Rxe1+ 19. Rxe1 Re8 20. Rxe8 Qxe8 21. Nd4 Ne7
22. Qd3 Qa8 23. Nf5 Nfxd5 24. Nxd5 Nxd5 25. Qb3 Kh8 26. Nh4 Be7 27. Nf3 Bf6 28.
c3 a5 29. Qd1 Kg8 30. Qb3 Kh8 31. Qd1 Kg8 1/2-1/2

[Event "Helmut-Kohls-Turnier"]
[Site "Dortmund GER"]
[Date "2013.08.01"]
[Round "6.1"]
[White "Zelbel, Patrick"]
[Black "Savchenko, Viacheslav"]
[Result "1/2-1/2"]
[WhiteTitle "IM"]
[BlackTitle "IM"]
[WhiteElo "2385"]
[BlackElo "2412"]
[WhiteFideId "24624322"]
[BlackFideId "14106485"]
[EventDate "2013.07.27"]

1. e4 e5 2. Nf3 Nf6 3. d4 Nxe4 4. Bd3 d5 5. dxe5 Nc5 6. Be2 Be7 7. O-O Nc6 8.
Be3 Be6 9. Nc3 O-O 10. a3 Ne4 11. Qe1 f6 12. Nxe4 dxe4 13. Rd1 Qe8 14. exf6 exf3
15. fxe7 Nxe7 16. Bxf3 Rxf3 17. gxf3 Qg6+ 18. Kh1 Qh5 19. Qe2 Bd5 20. Rxd5 Nxd5
21. Rg1 Re8 22. Rg3 c6 23. Qc4 Qf7 24. Qd4 Ne7 25. Qf4 Qxf4 26. Bxf4 Nf5 27. Rg1
Re2 28. Rd1 Rxf2 29. Rd2 Rxf3 30. Bb8 Ne3 31. h4 a6 32. Rd7 Rf7 33. Rd3 Nf5 34.
h5 Re7 35. Rf3 Nd4 36. Rf2 h6 37. Kg2 Re4 38. c3 Ne6 39. Kg3 c5 40. Rd2 c4 41.
Rd7 Nc5 42. Rc7 b6 43. Ba7 Na4 44. Rc6 Re5 45. Rxc4 b5 46. Rc8+ Kh7 47. b3 Nb2
48. Rd8 Re7 49. Bc5 Re5 50. Ba7 Re7 51. Bb6 Re6 52. Bf2 Rc6 53. Bd4 Rc7 54. Be5
Re7 55. Kf4 Rf7+ 56. Ke3 Rf5 57. Ke4 Rf2 58. Rd7 Rg2 59. Kf3 Rg5 60. Kf4 Rg2 61.
Kf3 Rg5 62. Bf4 Rc5 63. Ke4 Rxh5 64. Rd2 Rh4 65. Kf3 g5 66. Bg3 Nc4 67. bxc4
Rxc4 68. Be5 Ra4 69. Bd6 Kg6 70. Bc5 Rf4+ 71. Ke3 Rc4 72. Rd6+ Kf5 73. Bd4 h5
74. Rd5+ Kg6 75. Rd6+ Kf5 76. Rd5+ Kg6 77. Ke4 Rc6 78. Rd8 h4 79. Rg8+ Kf7 80.
Rg7+ Ke8 81. Rxg5 Rh6 82. Bg7 Rh7 83. Be5 h3 84. Rg1 Kd7 85. Kd5 Rf7 86. Rh1 Rh7
87. Rh2 Rh4 88. Rf2 Rh7 89. a4 bxa4 90. c4 a3 91. c5 Rh6 92. Rf7+ Ke8 93. Rf2
Kd7 94. Rh2 a5 95. Ra2 a4 96. Rf2 Rg6 97. Rf7+ Ke8 98. Rh7 Rg2 99. Rxh3 a2 100.
Ra3 Kd7 101. c6+ Ke7 102. Rxa4 Rd2+ 103. Kc5 Ke6 104. Bc3 Rc2 105. Kc4 Kd6 106.
Kb3 Rc1 107. Ra6 a1=Q 108. Bxa1 Rxc6 109. Ra4 Kd5 110. Rd4+ Kc5 111. Bc3 Rb6+
112. Kc2 Rg6 113. Rh4 Rg5 114. Kb3 Rf5 115. Ra4 Kd5 116. Ra5+ Ke4 117. Ra8 Rc5
118. Kc2 Rf5 119. Re8+ Kd5 120. Kb3 Rh5 121. Kb4 Rf5 122. Rd8+ Kc6 123. Kc4 Rc5+
124. Kd4 Rg5 125. Rc8+ Kb7 126. Rf8 Kc6 127. Rf6+ Kb5 128. Bd2 Rc5 129. Be3 Rh5
130. Kd3 Rh4 131. Rb6+ Ka5 132. Rb8 Ka6 133. Bd4 Rh1 134. Kc4 Rh4 135. Kc5 Rh5+
136. Kb4 Rb5+ 137. Rxb5 1/2-1/2